| 000 | 00698nam a2200217 a 4500 | ||
|---|---|---|---|
| 001 | 000019085 | ||
| 003 | OSt | ||
| 005 | 20201002093949.0 | ||
| 008 | 100525s1989 dr r 000 p spa d | ||
| 040 |
_aDO-SdBNP _bspa _cBNPHU |
||
| 082 |
_a861.44 _bE65a |
||
| 100 | 1 |
_aErcilla y Zúñiga, Alonso de, _d1533-1594 _914255 |
|
| 245 | 1 | 0 |
_aalgunas notas sobre don Alonso de Ercilla y su famoso poema "La Araucana" / _cAlonso de Ercilla y Zúñiga. |
| 260 |
_aEspaña : _bObras Maestras, _c1989. |
||
| 300 |
_a497 p. ; _c19 cm. |
||
| 590 | _aInventariado, 2020 / DG | ||
| 650 | 4 |
_aPoesía española _9631 |
|
| 650 | 4 |
_aLiteratura española _9632 |
|
| 910 | _aInventariado, 2020 / DG | ||
| 942 |
_2ddc _cLF1 |
||
| 999 |
_c18603 _d18603 |
||